Pracovný zošit zo slovenského jazyka pre 5. ročník osobitných škôl s vyučovacím jazykom maďarským

Bibliographic Details
Main Author: Mészáros, Mária (Author)
Other Authors: Dicová, Dáša, 1972- (Illustrator)
Format: Book
Language:Slovak
PhysicalDescription:40 s. 29 cm
Published: Bratislava Slovenské pedagogické nakladateľstvo 1994
ISBN:8008017538
Edition:1. vyd.
Subjects:

MARC

LEADER 00000nam a2200000 a 4500
001 vtls001077227
003 SK-MaSNL
005 20260301062203.0
008 250414s1994 xo slo
015 |a SNBA1994/12 
020 |a 8008017538 
035 |a SNK000020061 
035 |a urn:nbn:sk:snk-amlnw9 
035 |a urn:nbn:sk:snk-am00bwt5 
035 |a 9C3A86AB-173A-481F-B0C3-12DA292F92C9 
040 |a SNK  |b slo  |c SNK  |e AACR2 
041 0 |a slo 
044 |a xo  |c SK 
080 |a 372.880.854:376.4(075.2)(076.5)  |2 1981 
080 |a 376.4  |2 1981 
100 1 |a Mészáros, Mária  |4 aut  |9 13095 
245 1 0 |a Pracovný zošit zo slovenského jazyka pre 5. ročník osobitných škôl s vyučovacím jazykom maďarským  |c Mária Mészárosová ; Ilustr. Daša Dicová 
250 |a 1. vyd. 
260 |a Bratislava  |b Slovenské pedagogické nakladateľstvo  |c 1994  |e Bratislava  |f Foto-Set 
300 |a 40 s.  |c 29 cm 
500 |a Schválilo MŠ a vedy SR 
655 7 |a učebnice  |2 SNK  |9 22521 
700 1 |a Dicová, Dáša,  |d 1972-  |4 ill  |9 43395 
852 |a Slovenská národná knižnica 
919 |a 80-08-01753-8 
958 |a TL 
958 |a UX 
999 |c 619749  |d 621679 
952 |t P60, <04>, [BOOK], {604}  |a SNK  |b SNK  |y VYP  |7 0  |p 17A0078556  |o snkSB 53321 D1  |0 0  |1 0  |4 0  |d 1997-07-14  |l 0  |r 2004-12-31 00:00:00  |w 2026-02-23 
952 |a SNK  |b SNK  |y PREZ  |7 0  |p 17A0905972  |o snkSB 53321  |0 0  |1 0  |4 0  |d 2012-07-17  |f 1  |l 0  |r 2025-03-21 00:00:00  |w 2026-02-23